000 01113nam a2200289Ia 4500
999 _c43825
_d43825
001 10570
003 GE_BSU
005 20221116144541.0
008 181216s1994||||enk|||||||||||||| ||eng||
020 _a156079853x X
040 _cGE_BSU
041 _ageo
080 _a378+369.25 378 L-44
245 _aLearning Disabilities:Or attention Deficit disorders /
_cEdited by : T. Chables ; Ed.D. Stephen S ; PH.D. Strichart.
250 _aFifth Edition.
264 _aNew Jersey,
_c1994.
300 _a663 p .:
_c17 cm.
_eCD-ROM.
520 _aPrinted in United States Of America
653 _aLearning Disabilities:Or attention Deficit disorders
653 _aსწავლის უნარ-ჩვევები: ანუ დეფიციტის დარღვევები
653 _aპედაგოგიკა
700 _aChables, T
_eრედაქტორი
_92101
700 _aMangrum.Ed.D
_eრედაქტორი
_92102
700 _aStephen, S
_eრედაქტორი
_92103
700 _aStrichart,PH.D
_eრედაქტორი
_92104
942 _cBK
_2udc